Alexander the Great /

The story of Alexander the Great, Greek hero and world-conqueror.

Bibliographic Details
Corporate Authors: Rossen Films, MGM/UA Home Video (Firm)
Other Authors: Burton, Richard, 1925-1984, March, Fredric, 1897-1975, Bloom, Claire, 1931-, Baker, Stanley, Sir, 1928-1976, Cushing, Peter, 1913-1994, Rossen, Robert, 1908-1966
Format: Video VHS
Language:English
Published: New York : MGM/UA Home Video, [1985]
Subjects:

MARC

Tag First Indicator Second Indicator Subfields
LEADER 00000cgm a2200000 a 4500
001 in00000014584
005 20151007052240.0
007 vf cbahos
008 851003p19851955nyu135 g vleng d
028 4 2 |a MV600576  |b MGM/UA Home Video 
035 |a (OCoLC)12630022 
035 |9 AAA6957AM 
040 |a RCL  |c RCL  |d m/c  |d TXA  |d UtOrBLW 
049 |a TXAV  |c [A10156779] 
050 4 |a PN1997  |b .A3154 1985 
090 |a PN1995.9.B55  |b A44 1985 
245 0 0 |a Alexander the Great /  |c Rossen Films ; written, produced and directed by Robert Rossen. 
264 1 |a New York :  |b MGM/UA Home Video,  |c [1985] 
264 4 |c ©1985 
300 |a 1 videocassette (135 min.) :  |b sound, color ;  |c 1/2 in. 
336 |a two-dimensional moving image  |b tdi  |2 rdacontent 
337 |a video  |b v  |2 rdamedia 
338 |a videocassette  |b vf  |2 rdacarrier 
538 |a VHS hi-fi; Dolby system, videophonic sound, stereo. 
511 1 |a Richard Burton, Fredric March, Claire Bloom, Harry Andrews, Stanley Baker, Niall MacGinnis, Peter Cushing, Michael Hordern, Barry Jones, Marisa De Leza, Danielle Darrieux. 
508 |a Director of photography, Robert Krasker ; art director, Andre ́Andrejew ; editor, Ralph Kemplen ; music, Mario Nascimbene, Franco Ferrara. 
500 |a Videocassette release of the 1955 motion picture. 
521 |a Ancient History. 
520 |a The story of Alexander the Great, Greek hero and world-conqueror. 
500 |a Videorecording. 
600 0 0 |a Alexander,  |c the Great,  |d 356 B.C.-323 B.C.  |v Drama. 
655 7 |a Biographical films.  |2 lcgft 
655 7 |a Historical films.  |2 lcgft 
655 7 |a Feature films.  |2 lcgft 
700 1 |a Burton, Richard,  |d 1925-1984. 
700 1 |a March, Fredric,  |d 1897-1975. 
700 1 |a Bloom, Claire,  |d 1931- 
700 1 |a Baker, Stanley,  |c Sir,  |d 1928-1976. 
700 1 |a Cushing, Peter,  |d 1913-1994. 
700 1 |a Rossen, Robert,  |d 1908-1966. 
710 2 |a Rossen Films. 
710 2 |a MGM/UA Home Video (Firm) 
999 |a MARS 
999 f f |s 0ad4d5e6-325c-3e0a-83e6-506f8d63d187  |i 426a660b-b503-3f15-a570-3f7723aec122  |t 0